Natural rubber-cassava starch foam by compression moulding (Record no. 63687)

MARC details
000 -LEADER
fixed length control field 00450nam a2200157Ia 4500
100 ## - MAIN ENTRY--AUTHOR NAME
Personal name Kiatkamjornwong S
245 #0 - TITLE STATEMENT
Title Natural rubber-cassava starch foam by compression moulding
260 ## - PUBLICATION, DISTRIBUTION, ETC. (IMPRINT)
Name of publisher Plastics, Rubber and Composites
Year of publication 2001
300 ## - PHYSICAL DESCRIPTION
Number of Pages 318-327
650 ## - SUBJECT ADDED ENTRY--TOPICAL TERM
Topical Term Compression moulding
650 ## - SUBJECT ADDED ENTRY--TOPICAL TERM
Topical Term NR-cassaca starch
700 ## - ADDED ENTRY--PERSONAL NAME
Personal name Surunchanajirasakul P
700 ## - ADDED ENTRY--PERSONAL NAME
Personal name Tasakorn P
942 ## - ADDED ENTRY ELEMENTS (KOHA)
Koha item type Journals
Holdings
Withdrawn status Lost status Damaged status Not for loan Home library Current library Shelving location Date acquired Serial Enumeration / chronology Koha item type
      Journals RRII Library RRII Library Rubber chemistry 18/12/2001 Volume 30, Issue 7 Journals